<?xml version="1.0" encoding="UTF-8"?>
<record
    xmlns:xsi="http://www.w3.org/2001/XMLSchema-instance"
    xsi:schemaLocation="http://www.loc.gov/MARC21/slim http://www.loc.gov/standards/marcxml/schema/MARC21slim.xsd"
    xmlns="http://www.loc.gov/MARC21/slim">

  <leader>00514nam a2200181Ia 4500</leader>
  <controlfield tag="008">230718s9999    xx            000 0 und d</controlfield>
  <datafield tag="020" ind1=" " ind2=" ">
    <subfield code="a">9789380381268</subfield>
  </datafield>
  <datafield tag="041" ind1=" " ind2=" ">
    <subfield code="a">eng</subfield>
  </datafield>
  <datafield tag="082" ind1=" " ind2=" ">
    <subfield code="a">621.382'4</subfield>
    <subfield code="b">BLA</subfield>
  </datafield>
  <datafield tag="100" ind1=" " ind2=" ">
    <subfield code="a">Blake L.V.</subfield>
    <subfield code="9">171179</subfield>
  </datafield>
  <datafield tag="245" ind1=" " ind2=" ">
    <subfield code="a">Antennas</subfield>
    <subfield code="b">Fundamentals, Design, Measurement </subfield>
  </datafield>
  <datafield tag="250" ind1=" " ind2=" ">
    <subfield code="a">3rd ed.</subfield>
  </datafield>
  <datafield tag="260" ind1=" " ind2=" ">
    <subfield code="c">2012</subfield>
    <subfield code="b">Yes Dee Publishing</subfield>
  </datafield>
  <datafield tag="300" ind1=" " ind2=" ">
    <subfield code="a">503</subfield>
  </datafield>
  <datafield tag="365" ind1=" " ind2=" ">
    <subfield code="c">Rs.</subfield>
    <subfield code="b">595.00</subfield>
  </datafield>
  <datafield tag="700" ind1=" " ind2=" ">
    <subfield code="a">Blake L.V. &amp; Long M.W.</subfield>
    <subfield code="9">190904</subfield>
  </datafield>
  <datafield tag="906" ind1=" " ind2=" ">
    <subfield code="d">O:0320028-Jan-2013B:342216-Jan-2013</subfield>
    <subfield code="c">ETC </subfield>
    <subfield code="b">2231.25</subfield>
  </datafield>
  <datafield tag="999" ind1=" " ind2=" ">
    <subfield code="c">331766</subfield>
    <subfield code="d">331766</subfield>
  </datafield>
  <datafield tag="952" ind1=" " ind2=" ">
    <subfield code="0">0</subfield>
    <subfield code="1">0</subfield>
    <subfield code="4">0</subfield>
    <subfield code="7">0</subfield>
    <subfield code="a">CCEP</subfield>
    <subfield code="b">CCEP</subfield>
    <subfield code="d">2013-01-28</subfield>
    <subfield code="e">Om Book Stall</subfield>
    <subfield code="f">ETC </subfield>
    <subfield code="g">446.25</subfield>
    <subfield code="i">3422</subfield>
    <subfield code="l">0</subfield>
    <subfield code="o">621.382'4</subfield>
    <subfield code="p">CCEP-BK-42973</subfield>
    <subfield code="r">2023-07-18 00:00:00</subfield>
    <subfield code="t">2231.25</subfield>
    <subfield code="v">595.00</subfield>
    <subfield code="w">2013-01-16</subfield>
    <subfield code="y">BK</subfield>
    <subfield code="z">042973</subfield>
  </datafield>
</record>
